000 00722nam a2200289Ia 4500
003 OSt
005 20221005062018.0
006 a|||||r|||| 00| 0
007 ta
008 221004b |||||||| |||| 00| 0 eng d
020 _a0415102359
024 _a18703
037 _cTextual
040 _aCRL
_cCRL
_beng
041 _2eng
_aeng
082 _aT:f, N4
100 _aCohen Louis
245 0 _aResearch methods in education
250 _a4th
260 _aLondon
_bRoutledge UK
_c1994
300 _a414p
_ccm.
650 _a EDUCATION
650 _aRESEARCH METHODS
700 _a Manion Lawrence
942 _hT:f, N4
_cTEXL
_2cc
999 _c969079
_d969079